| 000 | 00445nam a2200133 4500 | ||
|---|---|---|---|
| 005 | 20260210105127.0 | ||
| 008 | 260210b |||||||| |||| 00| 0 eng d | ||
| 020 | _a0702020419 | ||
| 100 | _aDean Christopher & Pegington John | ||
| 245 |
_aCore Anatomy for Students _b/Volume 2: The Thorax, Abdomen, Pelvis and Perineum _c/Christopher Dean |
||
| 260 |
_aLondon; _bW.B Saunders Company Ltd; _c1996 |
||
| 300 |
_axi,139p,ill; _c24.5cm |
||
| 942 |
_2lcc _n0 _cBK |
||
| 999 |
_c148 _d148 |
||